000 00362 a2200169 4500
001 187643
020 _a85-7319-241-0
040 _cMagnum
100 _aNöel, Geneviève
240 1 0 _aQue amor de jacaré!
_lpor
245 1 0 _aQue amor de jacaré!
300 _a28
362 0 _a1998
440 1 _aDimensão
697 _aLITERATURA INFANTO
942 _cBK
999 _c187643
_d187643